Everything starts from prayer : (Record no. 125076)

MARC details
000 -LEADER
fixed length control field 00788nam a22002297a 4500
005 - DATE AND TIME OF LATEST TRANSACTION
control field 20170124105948.0
010 ## - LIBRARY OF CONGRESS CONTROL NUMBER
LC control number B-060709
020 ## - INTERNATIONAL STANDARD BOOK NUMBER
Terms of availability 150.00
International Standard Book Number 8176210153
035 ## - SYSTEM CONTROL NUMBER
System control number B-060709
037 ## - SOURCE OF ACQUISITION
Source of stock number/acquisition Cen Lib/Ret
040 ## - CATALOGING SOURCE
Original cataloging agency DPL
Language of cataloging EN
082 ## - DEWEY DECIMAL CLASSIFICATION NUMBER
Classification number 211
Item number MOT
100 ## - MAIN ENTRY--PERSONAL NAME
Personal name Mother Teresa
9 (RLIN) 12923
245 ## - TITLE STATEMENT
Title Everything starts from prayer :
Statement of responsibility, etc by Mother Teresa; selected and arranged by Anthony Stern
Remainder of title Mother Teresa's meditations on spiritual life for people of all faiths /
260 ## - PUBLICATION, DISTRIBUTION, ETC. (IMPRINT)
Place of publication, distribution, etc Delhi
Name of publisher, distributor, etc Full Circle Publishing
Date of publication, distribution, etc 2001
270 ## - ADDRESS
Address 18-19, Dilshad Garden, G. T. Road
City Delhi
Postal code 110095
300 ## - PHYSICAL DESCRIPTION
Extent xx,145p.
Dimensions 22cm(pbk)
650 ## - SUBJECT ADDED ENTRY--TOPICAL TERM
Topical term or geographic name as entry element Prayer -- Meditations
9 (RLIN) 12924
650 ## - SUBJECT ADDED ENTRY--TOPICAL TERM
Topical term or geographic name as entry element Prayers
9 (RLIN) 11260
700 ## - ADDED ENTRY--PERSONAL NAME
Personal name Stern, Anthony
9 (RLIN) 12925
942 ## - ADDED ENTRY ELEMENTS (KOHA)
Source of classification or shelving scheme Dewey Decimal Classification
Koha item type English Books
Classification part 211
Call number suffix MOT
Holdings
Withdrawn status Lost status Damaged status Not for loan Home library Current library Date acquired Source of acquisition Cost, normal purchase price Total Checkouts Full call number Barcode Date last seen Date checked out Copy number Cost, replacement price Price effective from Koha item type
        Central Library Central Library 19/06/2015 Cen Lib/Ret 150.00 1 211 MOT B-060709 27/01/2020 14/01/2020 1 150.00 19/06/2015 English Books

© Delhi Public Library
Hit Counter
free hit counter